Statistiques concernant Premiers Ministres d'Elizabeth II

Cliquez ici pour prendre le quiz!

Statistiques générales

  • Ce quiz a été pris 243 fois
  • Le résultat moyen est 9 sur 16

Statistiques - réponses

DatesNom% Correct
1952-1955Winston Churchill
94%
1979-1990Margaret Thatcher
91%
2019-2022Boris Johnson
89%
2016-2019Theresa May
80%
1997-2007Tony Blair
76%
2010-2016David Cameron
75%
2022-2022Liz Truss
74%
2007-2010Gordon Brown
50%
1990-1997John Major
49%
1964-1970Harold Wilson
47%
1955-1957Anthony Eden
45%
1974-1976Harold Wilson
45%
1957-1963Harold Macmillan
39%
1970-1974Edward Heath
30%
1976-1979James Callaghan
28%
1963-1964Alec Douglas-Home
22%

Distribution des résultats

Percentile par nombre de réponses

% des personnes avec chaque résultat

Votre développement - résultats

Vous n’avez pas pris ce quiz